5HLuxD.jpg

KING HENRY VIII SENIOR AND PRIMARY SCHOOL LIBRARY OPAC

THIS IS OUR WORLD (Record no. 4819)

000 -LEADER
fixed length control field 00341nam a22001217a 4500
008 - FIXED-LENGTH DATA ELEMENTS--GENERAL INFORMATION
fixed length control field 250324b ||||| |||| 00| 0 eng d
020 ## - INTERNATIONAL STANDARD BOOK NUMBER
International Standard Book Number 9781416978213
082 ## - DEWEY DECIMAL CLASSIFICATION NUMBER
Classification number 363 SOL
100 ## - MAIN ENTRY--PERSONAL NAME
Personal name SOLLINGER,EMILY
Relator term AUTHOR
245 ## - TITLE STATEMENT
Title THIS IS OUR WORLD
260 ## - PUBLICATION, DISTRIBUTION, ETC.
Place of publication, distribution, etc. 1230 AVENUE OF THE AMERICA,NEW YORK,NEW YORK 10020
Name of publisher, distributor, etc. LITTLE SIMON
Date of publication, distribution, etc. 2010
942 ## - ADDED ENTRY ELEMENTS (KOHA)
Source of classification or shelving scheme
Holdings
Withdrawn status Lost status Source of classification or shelving scheme Damaged status Not for loan Collection code Permanent Location Current Location Shelving location Date acquired Total Checkouts Full call number Barcode Date last seen Date last checked out Price effective from Koha item type Public note
          Non-Fiction KH8 Primary School Library KH8 Primary School Library Non Fiction 2025-03-24 5 363 SOL KHPL000006659 2026-03-13 2026-03-06 2025-03-24 Books - Non Ficton KH8 PRIMARY LIBRARY

Powered By KH8 IT Dept